Hope in the fast lane : (Record no. 457)

MARC details
000 -LEADER
fixed length control field 01036cam a2200313 a 4500
001 - CONTROL NUMBER
control field 566800
003 - CONTROL NUMBER IDENTIFIER
control field GBCCL
005 - DATE AND TIME OF LATEST TRANSACTION
control field 20241126110338.0
008 - FIXED-LENGTH DATA ELEMENTS--GENERAL INFORMATION
fixed length control field 891208r1990 cau b 000 0 eng
010 ## -
-- 89077408
020 ## - INTERNATIONAL STANDARD BOOK NUMBER
International Standard Book Number 0060657200 :
Terms of availability $8.95 ($11.95 Can.)
040 ## - CATALOGING SOURCE
Original cataloging agency DLC
Transcribing agency DLC
Modifying agency DLC
050 10 -
-- BV4625
-- .M55 1990
082 00 - DEWEY DECIMAL CLASSIFICATION NUMBER
Classification number 248.4
Edition information 20
Item number MIL
100 1# - MAIN ENTRY--PERSONAL NAME
Personal name Miller, Keith.
240 10 -
-- Sin
245 10 - TITLE STATEMENT
Title Hope in the fast lane :
Remainder of title a new look at faith in a compulsive world /
Statement of responsibility, etc. J. Keith Miller.
250 ## - EDITION STATEMENT
Edition statement 1st Harper & Row paperback ed.
260 ## - PUBLICATION, DISTRIBUTION, ETC.
Place of publication, distribution, etc. San Francisco :
Name of publisher, distributor, etc. Harper & Row,
Date of publication, distribution, etc. 1991
300 ## - PHYSICAL DESCRIPTION
Extent xi, 260 p. ;
Dimensions 21 cm.
500 ## - GENERAL NOTE
General note Originally published under title: Sin.
504 ## - BIBLIOGRAPHY, ETC. NOTE
Bibliography, etc. note Includes bibliographical references (p. [255]-260).
650 #0 - SUBJECT ADDED ENTRY--TOPICAL TERM
Topical term or geographic name entry element Sin
General subdivision Christianity.
650 #0 - SUBJECT ADDED ENTRY--TOPICAL TERM
Topical term or geographic name entry element Christian life.
650 #0 - SUBJECT ADDED ENTRY--TOPICAL TERM
Topical term or geographic name entry element Faith.
906 ## - LOCAL DATA ELEMENT F, LDF (RLIN)
a 7
b cbc
c orignew
d 1
e opcn
f 19
g y-gencatlg
942 ## - ADDED ENTRY ELEMENTS (KOHA)
Source of classification or shelving scheme Dewey Decimal Classification
Koha item type Books
Holdings
Withdrawn status Lost status Source of classification or shelving scheme Damaged status Not for loan Home library Current Library Shelving location Date acquired Total checkouts Full call number Barcode Date last seen Copy number Price effective from Koha item type
    Dewey Decimal Classification     GRACE BIBLE COLLEGE GRACE BIBLE COLLEGE Ministry & Mission 2016-10-31   248.4 MIL 009334 2025-05-01 c.1 2016-10-31 Books
© Grace Bible College Library 2025